000 00762nam a22001937a 4500
999 _c182044
_d182044
005 20221018142527.0
020 _a9789390906642
_c275.00
035 _aB-746017
037 _bPrabhat Exam
082 _a347.035
100 _aAgrawal, P.K..
245 _a85 Landmark Supreme court judgments:
_cP.K.Agrawal
_bfor UPSC civil services prelims, mains and interview, state PCS CLAT & Judiciary exams/
260 _aNew Delhi
_bPrabhat Prakashan
270 _a4/19, Asaf Ali Road,
_bNew Delhi
_e110002
300 _a260p.
_c22cm(pbk)
500 _aFor upsc civil services prelims, mains and interview, state pcs, clat & judiciary exams
942 _2ddc
_cEN
_mAGR
_h347.035